000 00634nam a22002177a 4500
003 UA-OsUOA
001 94138
007 ta
008 20130205b un ||||| |||| 00| 0 ukr d
090 _a821.161.1
_bД76
942 _cBK
040 _aUA-OsUOA
_brus
_cUA-OsUOA
_dUA-OsUOA
245 _aДругое небо
_bсборник зарубеж. науч. фантастики
_cсост. В. Гаков
300 _a573 с.
955 _a3
041 _arus
080 _a821.161.1
260 _aМ.
_bПолитиздат
_c1990
650 7 _a82 Література. Літературознавство
_2UDC
999 _c380412
_d380412